Анализ создания и функционированиямашинно-технологических станций; Инновационные технологии в машиностроении

Bibliografiske detaljer
Parent link:Инновационные технологии в машиностроении.— 2017.— [С. 315-317]
Hovedforfatter: Саванюк А. Ф.
Summary:Заглавие с экрана
В статье приводятся принципы, поводы, условия и особенности создания машинно-технологических станций в различных регионах России. Приводятся результаты деятельности машинно-технологических станций организованных в некоторых регионах Российской Федерации.
In the article principles, occasions, conditions and peculiarities of creation of machinetechnological stations in various regions of Russia are given. The results of the activity of machinetechnological stations organized in some regions of the Russian Federation are given.
Sprog:russisk
Udgivet: 2017
Serier:Защита окружающей среды, безопасность и охрана труда на предприятиях
Fag:
Online adgang:http://earchive.tpu.ru/handle/11683/45712
Format: MixedMaterials Electronisk Book Chapter
KOHA link:https://koha.lib.tpu.ru/cgi-bin/koha/opac-detail.pl?biblionumber=625928

MARC

LEADER 00000naa2a2200000 4500
001 625928
005 20231101133403.0
035 |a (RuTPU)RU\TPU\conf\25194 
035 |a RU\TPU\conf\25193 
090 |a 625928 
100 |a 20171228d2017 k y0rusy50 ca 
101 0 |a rus  |d eng 
102 |a RU 
105 |a y z 101zy 
135 |a drcn ---uucaa 
181 0 |a i  
182 0 |a b 
200 1 |a Анализ создания и функционированиямашинно-технологических станций  |f А. Ф. Саванюк 
203 |a Текст  |c электронный 
225 1 |a Защита окружающей среды, безопасность и охрана труда на предприятиях 
230 |a 1 компьютерный файл (pdf; 140 Kb) 
300 |a Заглавие с экрана 
320 |a [Библиогр.: с. 317 (4 назв.)] 
330 |a В статье приводятся принципы, поводы, условия и особенности создания машинно-технологических станций в различных регионах России. Приводятся результаты деятельности машинно-технологических станций организованных в некоторых регионах Российской Федерации. 
330 |a In the article principles, occasions, conditions and peculiarities of creation of machinetechnological stations in various regions of Russia are given. The results of the activity of machinetechnological stations organized in some regions of the Russian Federation are given. 
463 0 |0 (RuTPU)RU\TPU\conf\21273  |t Инновационные технологии в машиностроении  |o сборник трудов VIII Международной научно-практической конференции, 18-20 мая 2017 г., Юрга  |f Национальный исследовательский Томский политехнический университет (ТПУ), Юргинский технологический институт (ЮТИ) ; под ред. Д. А. Чинахова  |v [С. 315-317]  |d 2017 
610 1 |a электронный ресурс 
610 1 |a машинные технологии 
610 1 |a сельское хозяйство 
610 1 |a товаропроизводители 
610 1 |a коммерческие предприятия 
610 1 |a предприятия 
700 1 |a Саванюк  |b А. Ф. 
801 2 |a RU  |b 63413507  |c 20171228  |g RCR 
856 4 |u http://earchive.tpu.ru/handle/11683/45712 
942 |c BK